| 000 | 00557nam a2200241Ia 4500 | ||
|---|---|---|---|
| 008 | 210210b2010 xxu||||| |||| 00| 0 eng d | ||
| 020 | _a8183184170 | ||
| 041 | _aeng | ||
| 082 | _a519.5 GUPF | ||
| 100 | _aGUPTA (S C) | ||
| 245 | _aFundamentals of statistics Rev Ed 6 | ||
| 250 | _a | ||
| 260 |
_aMumbai _bHimalaya Publishing House _c2010 |
||
| 300 | _axxii,1139 | ||
| 650 | _astatistics | ||
| 650 | _aRev | ||
| 650 | _aof | ||
| 650 | _aFundamentals | ||
| 650 | _aEd | ||
| 650 | _a6 | ||
| 690 | _aMathematical Statistics | ||
| 906 | _a065150 | ||
| 999 |
_c142630 _d142630 |
||